| 000 | 00887nam a22002657a 4500 | ||
|---|---|---|---|
| 999 |
_c15239 _d15239 |
||
| 003 | AR-CdUCM | ||
| 008 | 190426b ||||| |||| 00| 0 spa d | ||
| 020 | _a978-84-683-1058-9 | ||
| 040 |
_aMUNICIPALIDAD PROVINCIAL DEL CUSCO _cBIBLIOTECA MUNICIPAL DEL CUSCO |
||
| 082 |
_aPI / 803.08 / _bAV91 |
||
| 110 |
_aKids Edebé _932998 |
||
| 245 |
_aLas aventuras de Búho y Hámster : _bLa tablet |
||
| 260 |
_aBarcelona : _bEdebé, _c2013. |
||
| 300 |
_bilustraciones, _c20 cm. |
||
| 500 | _aTexto contiene un peluche pequeño en la parte exterior. | ||
| 650 |
_aCuentos infantiles _93927 |
||
| 650 |
_aLiteratura infantil _9588 |
||
| 650 |
_aAprendizaje _92143 |
||
| 700 |
_aZamboni, Pablo _934279 |
||
| 700 |
_aMontaña, Marta (ilustraciones) _934280 |
||
| 700 |
_aSans, Marta (editora) _934281 |
||
| 710 |
_aGrupo Edebé _934282 |
||
| 942 |
_2ddc _cLIBROS |
||
| 945 |
_aachl _d2019-04-26 |
||